[Event "Utrecht OKU op-B"]
[Site "Utrecht"]
[Date "2000.05.20"]
[Round "3"]
[White "Van Den Akker, Ton"]
[Black "O'Mara, P."]
[Result "0-1"]
[WhiteElo "1473"]
[BlackElo "1472"]
[PlyCount "56"]
[EventDate "2000.05.??"]
[EventType "swiss"]
[EventRounds "6"]
[EventCountry "NED"]
[SourceTitle "EXT 2002"]
[Source "ChessBase"]
[SourceDate "2001.11.25"]
[SourceVersion "1"]
[SourceVersionDate "2001.11.25"]
[SourceQuality "1"]

1. f4 Nc6 2. Nf3 d6 3. d3 e5 4. e3 Be7 5. Be2 Bg4 6. 0-0 Nf6 7. c3 Qd7 8. e4 exf4 9. Bxf4 0-0-0 10. Ng5 Rdf8 11. d4 h6 12. Bxg4 Nxg4 13. Nf3 g5 14. Bc1 f5 15. Qe2 f4 16. h3 Nf6 17. e5 dxe5 18. dxe5 Bc5+ 19. Kh1 Nh5 20. Qc4 Ng3+ 21. Kh2 Nxf1+ 22. Qxf1 g4 23. Nd4 g3+ 24. Kh1 Nxd4 25. cxd4 Qxd4 26. Nc3 f3 27. Qd1 fxg2+ 28. Kxg2 Qf2+ 0-1